000 00538 a2200181 4500
005 20260409150051.0
008 260324b |||||||| |||| 00| 0 eng d
020 _a9789358566512
_cRs. 499.00
040 _aMAIN
082 _a181.4
_bD26H
100 _aDasgupta, S N
245 _aHistory of Indian philosophy: An introduction to the eight major philosophies of ancient India, V1
260 _bFingerprint Publications
_a Delhi
_c2026
300 _axxiii, 621
650 _aPhilosophy
650 _aIndian Philosophy
942 _cBK
999 _c395791
_d395791